|
|
|
|
| LEADER |
00864nam a22002412a 4500 |
| 001 |
001455629 |
| 003 |
CZ BrMZK |
| 005 |
20150813124932.0 |
| 007 |
ta |
| 008 |
150211s1954 xo er|||||||||||slo d |
| 040 |
|
|
|a ABA001
|b cze
|c ABA001
|d ABA001
|d BOA001
|
| 080 |
9 |
|
|a 636.1/.5.081/.082(024)(084.1)
|
| 100 |
1 |
|
|a Gábriš, Juraj,
|d 1920-1992
|7 jx20040915016
|4 aut
|
| 245 |
1 |
0 |
|a Výber domácich zvierat na chov a plemeno /
|c Juraj Gabriš
|
| 260 |
|
|
|a Bratislava :
|b Štátne pôdohospodárske nakladateľstvo,
|c 1954
|
| 300 |
|
|
|a 331 s.
|
| 490 |
1 |
|
|a Živočíšna výroba ;
|v zv. 10
|
| 504 |
|
|
|a Obsahuje bibliografii
|
| 830 |
|
0 |
|a Živočíšna výroba (Štátne pôdohospodárske nakladateľstvo)
|0 s
|
| 910 |
|
|
|a BOA001
|b 2-0320.391
|
| 990 |
|
|
|a BK
|
| 991 |
|
|
|b 201502
|
| 996 |
7 |
|
|b 2618809274
|c 2-0320.391
|l MZK
|r Sklad / do 24 hodin
|n 0
|w 001490622
|u 000010
|a 1
|e BOA001
|j MZK50
|s A
|